000 00286nam a22001337a 4500
008 170831b xxu||||| |||| 00| 0 eng d
020 _a2900745641644
041 _aeng
080 _a070
100 _a40
101 _aMED
245 _aDIGITAL MEDIA ETHICS
_cESS,CH
942 _2udc
_cBK
999 _c25815
_d25815